000 00520nam a2200181 a 4500
001 10417
003 CO-ViMGA
008 141112s2004 ck r 000 u spa d
040 _aCO-ViMGA
_bspa
_cCO-ViMGA
082 0 4 _a918.641 S37e
100 1 _aSerrano Camargo ; Rafael,
_913894
245 1 0 _aEn Aquella Ciudad :
_bCrónica mínima de Bogotá
260 _aBogotá :
_bEdiciones Tercer Mundo,
_c1981
300 _a313p. : il.
650 1 4 _aBogotá - COLOMBIA
_913895
650 1 4 _aDESCRIPCION
_949763
942 _2ddc
_cBK
999 _c21761
_d21761